The Don flows home to the sea / (Record no. 185950)

000 -LEADER
fixed length control field 00606 a2200193 4500
003 - CONTROL NUMBER IDENTIFIER
control field NUST
005 - DATE AND TIME OF LATEST TRANSACTION
control field 20230125152852.0
010 ## - LIBRARY OF CONGRESS CONTROL NUMBER
LC control number 41005116
040 ## - CATALOGING SOURCE
Transcribing agency Nust
082 ## - DEWEY DECIMAL CLASSIFICATION NUMBER
Classification number 823,SHO
100 ## - MAIN ENTRY--PERSONAL NAME
Personal name Sholokhov, Mikhail Aleksandrovich,
9 (RLIN) 107655
245 ## - TITLE STATEMENT
Title The Don flows home to the sea /
Statement of responsibility, etc. Mikhail Sholokhov ,
Medium translated from the Russian by Stephen Garry
260 ## - PUBLICATION, DISTRIBUTION, ETC.
Place of publication, distribution, etc. Putnam
Name of publisher, distributor, etc. London
Date of publication, distribution, etc. 1940
300 ## - PHYSICAL DESCRIPTION
Extent vii, 861 p.;
Other physical details 21 cm
505 ## - FORMATTED CONTENTS NOTE
Formatted contents note Contents no Available<br/>
600 ## - SUBJECT ADDED ENTRY--PERSONAL NAME
Personal name Sholokhov, Mikhail Aleksandrovich,
9 (RLIN) 107655
650 ## - SUBJECT ADDED ENTRY--TOPICAL TERM
Topical term or geographic name entry element The Don flows home to the sea
9 (RLIN) 107656
942 ## - ADDED ENTRY ELEMENTS (KOHA)
Source of classification or shelving scheme
Koha item type Book
Call number prefix 823,SHO
Holdings
Withdrawn status Lost status Source of classification or shelving scheme Damaged status Not for loan Permanent Location Current Location Shelving location Date acquired Full call number Barcode Date last seen Price effective from Koha item type Public note
          Military College of Signals (MCS) Military College of Signals (MCS) General Stacks 12/12/2016 823,SHO MCS30122 12/08/2016 12/12/2016 Book Almirah No.57, Shelf No.6
© 2023 Central Library, National University of Sciences and Technology. All Rights Reserved.